000 01149nam a22003617a 4500
001 BR8402668
003 BR-BrBNA
005 20230928091927.0
007 ta
008 230509b bl.||||| |||| 00| 0 por d
040 _aBR-BrBNA
_bpor
_cBiblioteca Nacional de Agricultura
041 _a(Por)
072 _aE30; E10
_b/G514
090 _ E30 BR8402668
110 1 _aFundacao Centro Estadual de Planejamento Agricola, Salvador, BA (Brasil)
_94810
245 1 _aProjetos prioritarios da secretaria da agricultura. 1984-86 [planejamento agricola, politica agricola, Bahia, Brasil]
260 3 _aSalvador, BA (Brasil):
_c1984.
300 _a57 p.
500 _a6 tables. (*) Documento disponível na(o) Fundacao Centro Estadual de Planejamento Agricola, Salvador, BA (Brazil)
650 _aPLANEJAMENTO AGRICOLA
650 _aPROJETO DE DESENVOLVIMENTO
650 _aPOLITICA AGRICOLA
650 _aALGODAO
650 _aMAMONA
650 _aFEIJAO
650 _aMILHO
650 _aMANDIOCA
650 _aCAPRINOCULTURA
650 _aPISCICULTURA
650 _aBAHIA
909 _a202309
_bLucia
_c55
_dLucia Elande
942 _cBK
999 _c36238
_d36238